Emociones y lenguaje en educación y política
Bewaard in:
| Hoofdauteur: | |
|---|---|
| Formaat: | Boek |
| Taal: | Spaans |
| Gepubliceerd in: |
Santiago
Dolmen
1997
|
| Editie: | 9a. ed |
| Onderwerpen: | |
| Tags: |
Voeg label toe
Geen labels, Wees de eerste die dit record labelt!
|
MARC
| LEADER | 00000nam a2200000 a 4500 | ||
|---|---|---|---|
| 001 | UCP4883 | ||
| 003 | CL-VaPUC | ||
| 008 | 990821e19970000CL |||||||||||||||||spa|d | ||
| 020 | |a 956780236X | ||
| 082 | 0 | 4 | |a 370.1 |b MAT |2 21 |
| 100 | |a Maturana Romesín, Humberto |e autor |9 448877 | ||
| 245 | 1 | 0 | |a Emociones y lenguaje en educación y política |
| 250 | |a 9a. ed | ||
| 300 | |a 117 p | ||
| 942 | |c BK | ||
| 945 | |d 19990821 00:00:00 |a vberengu | ||
| 260 | |a Santiago |b Dolmen |c 1997 | ||
| 650 | 0 | |a Filosofía de la educación |9 258384 | |
| 650 | 0 | |a Educación |9 258661 | |
| 650 | 7 | |a LENGUAJE Y EDUCACION |2 CL-VaPUC |9 263717 | |
| 583 | |a last modification |c 19990821 00:00:00 |k Rodrigo Vera | ||
| 999 | |c 282776 |d 282774 | ||
| 952 | |0 0 |1 0 |4 0 |6 370_100000000000000_MAT_1997 |7 0 |8 A |9 325163 |a BIBEDU |b BIBEDU |d 2019-11-20 |i 2620774 |l 1 |o 370.1 MAT 1997 |p 2620774 |r 2024-05-15 |s 2024-04-29 |w 2019-11-20 |y BK |k FIL | ||
| 952 | |0 0 |1 0 |2 ddc |4 0 |6 370_100000000000000_MAT_1997 |7 0 |8 A |9 325164 |a BIBING |b BIBING |c GEN |d 2019-11-20 |i 3556255 |o 370.1 MAT 1997 |p 3556255 |r 2025-01-20 |w 2019-11-20 |y BK |k CCI | ||
| 952 | |0 0 |1 0 |2 ddc |4 0 |6 370_100000000000000_MAT_1997 |7 0 |8 A |9 325165 |a BIBING |b BIBING |c GEN |d 2019-11-20 |i 3556263 |o 370.1 MAT 1997 |p 3556263 |r 2025-01-20 |w 2019-11-20 |y BK |k CCI | ||
| 952 | |0 0 |1 0 |4 0 |6 370_100000000000000_MAT_1997 |7 0 |8 A |9 325166 |a BIBCUR |b BIBCUR |d 2019-11-20 |i 3579522 |o 370.1 MAT 1997 |p 3579522 |r 2025-04-22 |w 2019-11-20 |y BK |k PER | ||
| 952 | |0 0 |1 0 |4 0 |6 370_100000000000000_MAT_1997 |7 0 |8 A |9 325167 |a BIBEDU |b BIBEDU |d 2019-11-20 |i 3612783 |o 370.1 MAT 1997 |p 3612783 |r 2019-11-20 |w 2019-11-20 |y BK |k PSI | ||
| 952 | |0 0 |1 0 |4 0 |6 370_100000000000000_MAT_1997 |7 0 |8 A |9 325168 |a FDOPOS |b FDOPOS |d 2019-11-20 |i 3920992 |o 370.1 MAT 1997 |p 3920992 |r 2023-08-09 |w 2019-11-20 |y BK |k MLA | ||
| 952 | |0 0 |1 0 |4 0 |6 370_100000000000000_MAT_1997 |7 0 |8 A |9 325169 |a BIBEDU |b BIBEDU |d 2019-11-20 |i 4219880 |o 370.1 MAT 1997 |p 4219880 |r 2019-11-20 |w 2019-11-20 |y BK |k PAR | ||
| 952 | |0 0 |1 0 |4 0 |6 370_100000000000000_MAT_1997 |7 0 |8 A |9 325170 |a BIBEDU |b BIBEDU |d 2019-11-20 |i 4219899 |l 1 |o 370.1 MAT 1997 |p 4219899 |r 2023-09-12 |s 2023-09-05 |w 2019-11-20 |y BK |k PAR | ||
| 952 | |0 0 |1 0 |4 0 |6 370_100000000000000_MAT_1997 |7 0 |8 A |9 325171 |a BIBCUR |b BIBCUR |d 2019-11-20 |i 4494679 |l 1 |m 2 |o 370.1 MAT 1997 |p 4494679 |r 2025-04-22 |s 2024-09-06 |w 2019-11-20 |y BK |k PER | ||